[Event "LYM - Open Général"]
[Site "Lausanne - Hôtel Alpha Palmier"]
[Date "2003.09.20"]
[Round "3"]
[White "Le Cocq, Jean-François"]
[Black "Pähtz, Thomas"]
[Result "0-1"]
[WhiteElo "1870"]
[BlackElo "2441"]
[PlyCount "95"]

1. d4 Nf6 2. Nf3 c5 3. e3 g6 4. Bd3 Bg7 5. O-O O-O 6. c3 d5 7. Ne5 b6 8. Qe2
Bb7 9. Nd2 Qc7 10. f4 e6 11. Rf3 Ne4 12. Rh3 Nd7 13. Ndf3 Nxe5 14. Nxe5 f6 15.
Nf3 Rae8 16. g4 e5 17. dxe5 c4 18. Bxe4 dxe4 19. Nh4 Bc8 20. e6 Bxe6 21. f5 Bf7
22. Bd2 Qd7 23. Rf1 Re5 24. Bc1 Rd8 25. Rg3 Rd5 26. fxg6 hxg6 27. Kh1 b5 28.
Rgg1 a5 29. a3 Qb7 30. Ng2 Rd3 31. Ne1 b4 32. axb4 axb4 33. cxb4 Qxb4 34. Nc2
Qb7 35. Nd4 R8xd4 36. exd4 e3+ 37. Rg2 Bd5 38. Kg1 Qe7 39. Rg3 Bh6 40. h3 Qe4
41. Rgf3 Bf4 42. Kg2 g5 43. Kg1 Kg7 44. Kg2 Kh6 45. Kg1 Kg6 46. Kg2 c3 47. bxc3
Rxc3 48. Kg1 0-1

[Event "LYM - Open Général"]
[Site "Lausanne - Hôtel Alpha Palmier"]
[Date "2003.09.20"]
[Round "3"]
[White "Starostits, Ilmars"]
[Black "Pinchetti, Andrea"]
[Result "1-0"]
[WhiteElo "2431"]
[BlackElo "1865"]
[PlyCount "55"]

1. e4 e6 2. d4 d5 3. Nd2 c5 4. exd5 Qxd5 5. Ngf3 Nf6 6. Bc4 Qd6 7. dxc5 Qxc5 8.
O-O a6 9. a4 Qc7 10. b3 Nc6 11. Bb2 Bd7 12. Qe2 Bd6 13. Ne4 Be7 14. Rad1 h6 15.
Ng3 O-O-O 16. Ne5 Be8 17. Rxd8+ Bxd8 18. Rd1 Qe7 19. Ne4 Bc7 20. Ng4 Nxe4 21.
Qxe4 Rg8 22. Qh7 Qf8 23. h4 Bd7 24. h5 e5 25. Ba3 Qe8 26. Rxd7 Kxd7 27. Qf5+
Kd8 28. Bxf7 1-0

[Event "LYM - Open Général"]
[Site "Lausanne - Hôtel Alpha Palmier"]
[Date "2003.09.20"]
[Round "3"]
[White "Jaquier, Daniel"]
[Black "Jacot, Laurent"]
[Result "0-1"]
[WhiteElo "1773"]
[BlackElo "2216"]
[PlyCount "87"]

1. Nf3 d5 2. c4 c6 3. b3 Nf6 4. Bb2 Bg4 5. Ne5 Bh5 6. d3 e6 7. Nd2 Bd6 8. g3
O-O 9. Bg2 Qc7 10. Nef3 Nbd7 11. O-O Rad8 12. Qc2 Qb8 13. Rab1 Rfe8 14. Rfe1 e5
15. e3 Rc8 16. Rbc1 a6 17. Nf1 Nc5 18. N3d2 Bg6 19. e4 dxe4 20. Nxe4 Nfxe4 21.
dxe4 Rcd8 22. Rcd1 Bc7 23. f3 Ne6 24. Rxd8 Rxd8 25. Rd1 Bb6+ 26. Kh1 Bd4 27.
Bxd4 Rxd4 28. Rxd4 Nxd4 29. Qd3 Qf8 30. Nd2 Qa3 31. Qb1 Qb4 32. Qd3 Qa3 33. Qb1
f6 34. Bf1 Qb4 35. Qd3 Qa3 36. Qb1 Bf7 37. Bd3 Be6 38. Kg2 h6 39. Bf1 c5 40.
Bd3 Nc6 41. Qa1 Nb4 42. Bb1 Qc1 43. Nf1 Nc2 44. Qc3 0-1

[Event "LYM - Open Général"]
[Site "Lausanne - Hôtel Alpha Palmier"]
[Date "2003.09.20"]
[Round "3"]
[White "Vuillemier, Alexandre"]
[Black "Major, Stéphane"]
[Result "1-0"]
[WhiteElo "2215"]
[BlackElo "1859"]
[PlyCount "65"]

1. Nf3 Nf6 2. g3 g6 3. Bg2 Bg7 4. O-O O-O 5. c4 c6 6. d4 d5 7. Nbd2 Nbd7 8. b3
Re8 9. Bb2 b6 10. a4 Bb7 11. a5 Ne4 12. a6 Bc8 13. Nxe4 dxe4 14. Ng5 Nf6 15.
Nxe4 Nxe4 16. Bxe4 Qc7 17. Qc2 Bh3 18. Rfe1 Rad8 19. e3 e5 20. dxe5 Bxe5 21.
Bxe5 Rxe5 22. Bg2 Bxg2 23. Kxg2 c5 24. Red1 Re7 25. Rxd8+ Qxd8 26. Rd1 Qc8 27.
Qd3 Kg7 28. Qd8 Qc6+ 29. Rd5 Re6 30. Qd7 Qxd7 31. Rxd7 b5 32. cxb5 Rb6 33. Rb7
1-0

[Event "LYM - Open Général"]
[Site "Lausanne - Hôtel Alpha Palmier"]
[Date "2003.09.20"]
[Round "3"]
[White "Mamedjarova, Zeinab"]
[Black "Gross, Sebastien"]
[Result "1-0"]
[WhiteElo "2372"]
[BlackElo "1894"]
[PlyCount "63"]

1. d4 Nf6 2. Bg5 Ne4 3. Bf4 d5 4. f3 Nf6 5. Nc3 c6 6. e4 Qb6 7. Rb1 e6 8. a3
Qa5 9. Bd3 Be7 10. Nge2 O-O 11. O-O b5 12. Kh1 a6 13. Qe1 Qd8 14. e5 Ne8 15.
Nd1 Nd7 16. g4 c5 17. c3 b4 18. axb4 cxb4 19. Be3 Rb8 20. f4 bxc3 21. bxc3 Rxb1
22. Bxb1 Bh4 23. Qd2 Nb6 24. Qd3 g6 25. g5 Ng7 26. Bc1 h6 27. Rg1 hxg5 28. fxg5
a5 29. Qh3 Ba6 30. Nf4 Bxg5 31. Nxg6 fxg6 32. Bxg5 1-0

[Event "LYM - Open Général"]
[Site "Lausanne - Hôtel Alpha Palmier"]
[Date "2003.09.20"]
[Round "3"]
[White "Jarnjack, Zlatko"]
[Black "Pujos, Stéphane"]
[Result "0-1"]
[WhiteElo "1906"]
[BlackElo "2338"]
[PlyCount "90"]

1. c4 f5 2. Nc3 Nf6 3. d4 g6 4. Nf3 Bg7 5. e3 O-O 6. Be2 e6 7. b4 d6 8. Bb2
Nbd7 9. Qc2 b6 10. d5 exd5 11. cxd5 Ne5 12. Nd4 Qe7 13. O-O Rf7 14. Rfd1 Bh6
15. Bf1 Bb7 16. Ne6 Nxd5 17. Nxd5 Bxd5 18. Rxd5 Qxe6 19. Rad1 Kf8 20. Bxe5 dxe5
21. Bc4 Re8 22. Rd7 Qxd7 23. Rxd7 Rxd7 24. Bb5 c6 25. Bxc6 Rc8 26. g3 Rd6 27.
b5 Rcd8 28. Qa4 Rd1+ 29. Kg2 R1d2 30. Qa3+ Kg8 31. Qb3+ Kh8 32. Qe6 Bg7 33. h4
f4 34. e4 f3+ 35. Kxf3 Rf8+ 36. Kg4 Rdxf2 37. Bd5 h5+ 38. Kh3 Kh7 39. Qe7 R8f6
40. Qxe5 Rd2 41. Qa1 Rff2 42. Qg1 Be5 43. Bb3 Rf3 44. Bc4 Rd4 45. Be2 Rxg3+ 0-1

[Event "LYM - Open Général"]
[Site "Lausanne - Hôtel Alpha Palmier"]
[Date "2003.09.20"]
[Round "3"]
[White "Richard, Jean-Paul"]
[Black "Huss, Andreas"]
[Result "0-1"]
[WhiteElo "1899"]
[BlackElo "2331"]
[PlyCount "56"]

1. e4 e6 2. d4 d5 3. exd5 exd5 4. Bd3 Nc6 5. c3 Bd6 6. h3 Nf6 7. Nf3 O-O 8. O-O
Ne4 9. Bxe4 dxe4 10. Ng5 Qe7 11. Re1 f5 12. Nf3 Qf7 13. Nfd2 Be6 14. b3 b5 15.
Bb2 Ne7 16. Na3 b4 17. Nac4 bxc3 18. Nxd6 cxd6 19. Bxc3 Nd5 20. Ba5 Qg6 21. Kh2
Nf4 22. Rg1 Rac8 23. g3 Nxh3 24. Kxh3 f4+ 25. Kg2 f3+ 26. Kf1 Qh5 27. b4 e3 28.
Nxf3 Rxf3 0-1

[Event "LYM - Open Général"]
[Site "Lausanne - Hôtel Alpha Palmier"]
[Date "2003.09.20"]
[Round "3"]
[White "Berrada, Abderrahim"]
[Black "Kaenel, Hansjuerg"]
[Result "0-1"]
[WhiteElo "1867"]
[BlackElo "2330"]
[PlyCount "104"]

1. d4 Nf6 2. Nf3 g6 3. c4 c5 4. e3 Bg7 5. Nc3 cxd4 6. exd4 d5 7. cxd5 Nxd5 8.
Bc4 Nb6 9. Bb3 O-O 10. O-O Bg4 11. h3 Bxf3 12. Qxf3 Nc6 13. d5 Nd4 14. Qd1 Qd7
15. Be3 Nxb3 16. Qxb3 Nc8 17. Rfd1 Nd6 18. Bd4 Rfc8 19. Bxg7 Kxg7 20. Rac1 Rc4
21. Ne2 Rac8 22. Rxc4 Rxc4 23. Qd3 Qf5 24. Qxf5 Nxf5 25. Nc3 a6 26. a4 Rb4 27.
Rd2 Kf8 28. Kf1 Nd6 29. a5 Rb3 30. Rc2 Ke8 31. Ke2 Kd8 32. Kd1 Nc4 33. Na4 Rb4
34. Nb6 Nxb6 35. axb6 Rxb6 36. Ke2 Rb5 37. Rd2 Kd7 38. Ke3 Kd6 39. Ke4 f5+ 40.
Kf4 h6 41. g4 fxg4 42. Kxg4 Rxd5 43. Rc2 Rd4+ 44. Kg3 Rb4 45. h4 Ke6 46. f4 Kf5
47. Rc5+ Kf6 48. Rc2 Rb3+ 49. Kg2 Kf5 50. Re2 Kxf4 51. Re6 Rxb2+ 52. Kg1 Kf5
0-1

[Event "LYM - Open Général"]
[Site "Lausanne - Hôtel Alpha Palmier"]
[Date "2003.09.20"]
[Round "3"]
[White "Gottofrey, Marcel"]
[Black "Habibi, Ali"]
[Result "0-1"]
[WhiteElo "1862"]
[BlackElo "2277"]
[PlyCount "56"]

1. e4 c5 2. d4 cxd4 3. c3 d5 4. exd5 Qxd5 5. cxd4 Nc6 6. Nf3 Bg4 7. Be2 e6 8.
O-O Nf6 9. Nc3 Qd6 10. Bg5 Be7 11. Bh4 O-O 12. Bg3 Qb4 13. Qd2 Bxf3 14. Bxf3
Nxd4 15. Qf4 Nxf3+ 16. Qxf3 Rac8 17. Rab1 h5 18. h3 Rfd8 19. Rfd1 Rxd1+ 20.
Qxd1 h4 21. Be5 Rd8 22. Qe2 Nd7 23. Rd1 Nxe5 24. Rxd8+ Bxd8 25. Qxe5 Qxb2 26.
Qb8 Qb6 27. Nb5 Kh7 28. Nxa7 Bc7 0-1

[Event "LYM - Open Général"]
[Site "Lausanne - Hôtel Alpha Palmier"]
[Date "2003.09.20"]
[Round "3"]
[White "Patuzzo, Fabrizio"]
[Black "Juvet, Claude"]
[Result "1-0"]
[WhiteElo "2325"]
[BlackElo "1870"]
[PlyCount "55"]

1. Nf3 d5 2. c4 e6 3. d4 Nf6 4. g3 c5 5. cxd5 exd5 6. Bg2 Nc6 7. O-O h6 8. b3
Be6 9. Bb2 b6 10. Nc3 Rc8 11. Rc1 Bd6 12. dxc5 bxc5 13. Na4 Nb4 14. a3 Na6 15.
Qd3 Nb8 16. b4 cxb4 17. axb4 O-O 18. Nc5 Qe7 19. Nd4 Nbd7 20. Ncxe6 fxe6 21.
Bh3 Rxc1 22. Rxc1 Ne5 23. Qa6 Nc4 24. Ba1 Bxb4 25. Bxe6+ Kh8 26. Nf5 Qc5 27.
Bd4 Qa5 28. Qb7 1-0

[Event "LYM - Open Général"]
[Site "Lausanne - Hôtel Alpha Palmier"]
[Date "2003.09.20"]
[Round "3"]
[White "Ambrosini, Nicola"]
[Black "Soum, Frédéric"]
[Result "0-1"]
[WhiteElo "2259"]
[BlackElo "1866"]
[PlyCount "30"]

1. e4 e6 2. d3 b6 3. g3 Bb7 4. Bg2 f5 5. Qe2 Nf6 6. Nc3 Bb4 7. Bd2 O-O 8. a3
Bc5 9. Nf3 fxe4 10. dxe4 a5 11. Ne5 Ba6 12. Nd3 e5 13. Nd5 Nc6 14. c4 Nxd5 15.
exd5 Rxf2 0-1

[Event "LYM - Open Général"]
[Site "Lausanne - Hôtel Alpha Palmier"]
[Date "2003.09.20"]
[Round "3"]
[White "Low, Steven"]
[Black "Robert, Antonin"]
[Result "0-1"]
[WhiteElo "1847"]
[BlackElo "2259"]
[PlyCount "70"]

1. d4 d6 2. c4 e5 3. dxe5 dxe5 4. Qxd8+ Kxd8 5. Nc3 Be6 6. e4 Bc5 7. Bg5+ f6 8.
O-O-O+ Nd7 9. Bh4 c6 10. f3 Kc7 11. Be1 Ne7 12. Bd3 g5 13. Nge2 Ng6 14. g3 Bh3
15. Na4 Bg2 16. Nxc5 Nxc5 17. Rg1 Bxf3 18. Kd2 Nxd3 19. Kxd3 Rad8+ 20. Ke3 Rxd1
21. Ba5+ b6 22. Rxd1 Bxe2 23. Bxb6+ axb6 24. Kxe2 Rd8 25. Rxd8 Kxd8 26. Kf3 h5
27. Ke3 Ke7 28. Kd3 c5 29. Kc3 Nf8 30. b4 Ne6 31. b5 g4 32. Kd3 Nd4 33. Ke3 Nf3
34. a4 Nxh2 35. a5 bxa5 0-1

[Event "LYM - Open Général"]
[Site "Lausanne - Hôtel Alpha Palmier"]
[Date "2003.09.20"]
[Round "3"]
[White "Mikavica, Mirko"]
[Black "Perrot, Frank"]
[Result "1-0"]
[WhiteElo "2257"]
[BlackElo "1831"]
[PlyCount "57"]

1. d4 d5 2. c4 dxc4 3. e3 e6 4. Bxc4 Nf6 5. Nf3 c5 6. O-O a6 7. Nc3 b5 8. Bd3
cxd4 9. exd4 Bb7 10. Bg5 Be7 11. Qe2 Nc6 12. Rad1 O-O 13. Bb1 Nb4 14. Ne5 Nbd5
15. Qd3 Nb4 16. Qh3 g6 17. Rfe1 Nbd5 18. Bh6 Nh5 19. Nxd5 Bxd5 20. Bxf8 Bxf8
21. Be4 Rc8 22. Qf3 Qc7 23. Bxd5 exd5 24. g4 f6 25. Qxd5+ Kg7 26. gxh5 fxe5 27.
Rc1 Qd8 28. Qxe5+ Kh6 29. Qe3+ 1-0

[Event "LYM - Open Général"]
[Site "Lausanne - Hôtel Alpha Palmier"]
[Date "2003.09.20"]
[Round "3"]
[White "Idrizaj, Abedin"]
[Black "Ivanovic, Zivoslav"]
[Result "1-0"]
[WhiteElo "2242"]
[BlackElo "1815"]
[PlyCount "67"]

1. e4 c6 2. d4 d5 3. e5 Bf5 4. Nc3 e6 5. g4 Bg6 6. Nge2 Nd7 7. h4 h6 8. Nf4 Bh7
9. Be3 Be7 10. Bd3 Bxd3 11. Qxd3 Bxh4 12. Nxe6 fxe6 13. Qg6+ Kf8 14. Qxe6 Qe7
15. Qf5+ Ke8 16. Qh5+ g6 17. Qxg6+ Kd8 18. O-O-O Kc7 19. Qh5 Bxf2 20. Bxf2 Rf8
21. Be3 Rf3 22. Rh3 Qf7 23. Qxf7 Rxf7 24. e6 Rg7 25. Bf4+ Kd8 26. exd7 Rxd7 27.
Be5 Rhh7 28. Rf1 Ke8 29. Rhf3 Ke7 30. Rf8 Rd8 31. Rxd8 Kxd8 32. Rf8+ Ke7 33.
Rxg8 Rf7 34. Rg7 1-0

[Event "LYM - Open Général"]
[Site "Lausanne - Hôtel Alpha Palmier"]
[Date "2003.09.21"]
[Round "4"]
[White "Borovikov, Vladislav"]
[Black "Lamoureux, Charles"]
[Result "1-0"]
[WhiteElo "2590"]
[BlackElo "2388"]
[PlyCount "59"]

1. d4 Nf6 2. Nf3 e6 3. c4 b6 4. Nc3 Bb4 5. Bg5 Bb7 6. e3 h6 7. Bh4 Bxc3+ 8.
bxc3 d6 9. Nd2 Nbd7 10. f3 O-O 11. Bd3 Qe8 12. O-O e5 13. e4 Nh5 14. Re1 Nf4
15. Bc2 Qe6 16. Bg3 Qf6 17. Nf1 Ne6 18. Ne3 h5 19. Ba4 exd4 20. Nd5 Qd8 21.
cxd4 Re8 22. Ne3 g6 23. Qd2 Kg7 24. Rad1 Rh8 25. h4 Kh7 26. Qc3 Qc8 27. Nd5 c6
28. Ne7 Qc7 29. d5 Ndc5 30. Qf6 1-0

[Event "LYM - Open Général"]
[Site "Lausanne - Hôtel Alpha Palmier"]
[Date "2003.09.21"]
[Round "4"]
[White "Aronian, Levon"]
[Black "Starostits, Ilmars"]
[Result "1/2-1/2"]
[WhiteElo "2649"]
[BlackElo "2431"]
[PlyCount "73"]

1. e4 c5 2. Nc3 Nc6 3. Nf3 g6 4. Bb5 Bg7 5. O-O e5 6. d3 Nge7 7. Bg5 h6 8. Bxe7
Nxe7 9. Bc4 O-O 10. Nd5 Nxd5 11. Bxd5 d6 12. c3 Kh7 13. Nd2 Rb8 14. a4 h5 15.
Rb1 Bg4 16. Qc2 Bh6 17. b4 cxb4 18. Rxb4 b6 19. Nc4 Rc8 20. a5 bxa5 21. Rb7 Rc7
22. Rfb1 Bc8 23. Rxc7 Qxc7 24. Ra1 h4 25. Qa4 Ba6 26. Qxa5 Qxa5 27. Rxa5 Bxc4
28. dxc4 Bd2 29. Ra3 Rb8 30. g3 hxg3 31. hxg3 Rb2 32. Rxa7 Bxc3 33. Rxf7+ Kh6
34. Kh1 Bd4 35. f3 Bc5 36. Be6 Kg5 37. Bh3 1/2-1/2

[Event "LYM - Open Général"]
[Site "Lausanne - Hôtel Alpha Palmier"]
[Date "2003.09.21"]
[Round "4"]
[White "Marcelin, Cyril"]
[Black "Milov, Vadim"]
[Result "0-1"]
[WhiteElo "2503"]
[BlackElo "2595"]
[PlyCount "114"]

1. e4 d6 2. d4 g6 3. c4 Bg7 4. Nf3 Nf6 5. Nc3 O-O 6. Be2 Na6 7. O-O e5 8. Be3
c6 9. dxe5 dxe5 10. Qxd8 Rxd8 11. Rad1 Re8 12. h3 Bf8 13. a3 Nc5 14. Nd2 Ne6
15. Nf3 Nc5 16. Nd2 a5 17. Bxc5 Bxc5 18. Na4 Bf8 19. c5 Be6 20. f3 Red8 21. Nc4
Nd7 22. Kh1 Nxc5 23. Nab6 Rxd1 24. Rxd1 Ra6 25. Rd8 Kg7 26. Na8 Bxc4 27. Bxc4
b5 28. Nc7 bxc4 29. Nxa6 Nxa6 30. Rc8 Nc5 31. Rxc6 Nd3 32. Rxc4 Nxb2 33. Rc3
Na4 34. Rc4 Nc5 35. g3 f5 36. Kg2 Kf6 37. h4 Be7 38. Kf2 Ne6 39. Ra4 Bd8 40.
Rc4 Be7 41. Ra4 Bc5+ 42. Kg2 Bb6 43. Rc4 Nc5 44. Rc1 Ke6 45. h5 fxe4 46. fxe4
gxh5 47. Kf3 Kf6 48. Rb1 Bd8 49. Rb5 Ne6 50. Ke3 a4 51. Rb4 Nc5 52. Rb8 Be7 53.
Ra8 Ke6 54. Kf3 Bg5 55. Rh8 h6 56. Rh7 Bc1 57. Rh8 Nd7 0-1

[Event "LYM - Open Général"]
[Site "Lausanne - Hôtel Alpha Palmier"]
[Date "2003.09.21"]
[Round "4"]
[White "Wells, Peter K."]
[Black "Palac, Mladen"]
[Result "1/2-1/2"]
[WhiteElo "2481"]
[BlackElo "2561"]
[PlyCount "29"]

1. d4 Nf6 2. Bg5 d5 3. Bxf6 exf6 4. e3 Bd6 5. g3 c6 6. Bg2 Nd7 7. Nd2 f5 8. Ne2
Nf6 9. O-O O-O 10. b3 Rb8 11. c4 dxc4 12. bxc4 c5 13. Nb3 b6 14. Nc3 a6 15.
dxc5 1/2-1/2

[Event "LYM - Open Général"]
[Site "Lausanne - Hôtel Alpha Palmier"]
[Date "2003.09.21"]
[Round "4"]
[White "Savchenko, Stanilsav"]
[Black "Vuillemier, Alex"]
[Result "1-0"]
[WhiteElo "2560"]
[BlackElo "2215"]
[PlyCount "127"]

1. d4 Nf6 2. c4 c5 3. d5 e6 4. Nc3 exd5 5. cxd5 d6 6. e4 g6 7. f4 Bg7 8. Bb5+
Nbd7 9. e5 dxe5 10. fxe5 Nh5 11. e6 Qh4+ 12. g3 Nxg3 13. hxg3 Qxh1 14. Be3
Bxc3+ 15. bxc3 a6 16. exd7+ Bxd7 17. Bxd7+ Kxd7 18. Qg4+ f5 19. Qf3 Qxf3 20.
Nxf3 Rhe8 21. Kf2 Re4 22. Nd2 Ra4 23. Nb3 Kd6 24. Nxc5 Ra3 25. c4 b6 26. Ne6
Rc8 27. Rb1 Rxc4 28. Rxb6+ Kxd5 29. Nf4+ Rxf4+ 30. Bxf4 Rxa2+ 31. Kf3 Ra3+ 32.
Kg2 Ra2+ 33. Kh3 Ke4 34. Rb4+ Kf3 35. Bg5 a5 36. Rf4+ Ke2 37. Rh4 Kf3 38. Bf6
h6 39. Rf4+ Ke2 40. Bg7 h5 41. Bf6 Ra3 42. Rc4 Rb3 43. Bg5 Rb4 44. Rc2+ Kf3 45.
Rc3+ Kf2 46. Be3+ Ke2 47. Bf4 a4 48. Rc6 Rb1 49. Kh4 Rh1+ 50. Kg5 h4 51. gxh4
Rg1+ 52. Kh6 Rg4 53. Bg5 f4 54. Rc4 a3 55. Re4+ Kf3 56. Ra4 Ke2 57. Kxg6 Rg1
58. Rxa3 f3 59. Ra2+ Kd3 60. Rf2 Ke4 61. h5 Rg2 62. Rf1 f2 63. h6 Rh2 64. h7
1-0

[Event "LYM - Open Général"]
[Site "Lausanne - Hôtel Alpha Palmier"]
[Date "2003.09.21"]
[Round "4"]
[White "Pähtz, Thomas"]
[Black "Kveinys, Aloyzas"]
[Result "0-1"]
[WhiteElo "2441"]
[BlackElo "2525"]
[PlyCount "102"]

1. e4 c5 2. Nf3 e6 3. d4 cxd4 4. Nxd4 a6 5. Bd3 Nf6 6. O-O d6 7. c4 Be7 8. Nc3
O-O 9. Kh1 Bd7 10. f4 Nc6 11. Nf3 Be8 12. Be3 Qb8 13. a3 Nd7 14. b4 f6 15. b5
Nd8 16. Qb1 Nc5 17. Bxc5 dxc5 18. f5 exf5 19. exf5 Nf7 20. Be4 axb5 21. cxb5
Bd6 22. a4 Ra5 23. Bd5 Kh8 24. Qe4 b6 25. Rad1 Nh6 26. h3 g6 27. g4 Ra7 28. Be6
Rg7 29. Qd5 Bc7 30. fxg6 Bxg6 31. Qd2 Bf4 32. Qb2 Re8 33. Bd7 Re3 34. Bc6 Be5
35. Qd2 Nxg4 36. Qd8+ Rg8 37. Qxb8 Rxb8 38. Nb1 Nh6 39. Nxe5 fxe5 40. Rf3 Rxf3
41. Bxf3 e4 42. Bg2 Nf5 43. Re1 e3 44. Nc3 Re8 45. Bc6 Rd8 46. Nd5 e2 47. Kg1
Nd4 48. Nxb6 Bd3 49. a5 Rf8 50. Kg2 Rf1 51. Rxe2 Bxe2 0-1

[Event "LYM - Open Général"]
[Site "Lausanne - Hôtel Alpha Palmier"]
[Date "2003.09.21"]
[Round "4"]
[White "Kritz, Leonid"]
[Black "Rainfray, Arnaud"]
[Result "0-1"]
[WhiteElo "2522"]
[BlackElo "2409"]
[PlyCount "58"]

1. e4 e5 2. Nf3 Nc6 3. Bb5 a6 4. Ba4 Nf6 5. d3 b5 6. Bb3 Bc5 7. c3 d6 8. Bg5 h6
9. Bh4 O-O 10. Nbd2 Be6 11. Qe2 Bxb3 12. Nxb3 Bb6 13. O-O-O Qe7 14. Rhe1 a5 15.
Nbd2 Qe6 16. Kb1 Rfb8 17. Nf1 b4 18. c4 Nd4 19. Nxd4 Bxd4 20. Ne3 Bxe3 21. Qxe3
Nh5 22. Bg3 Nxg3 23. Qxg3 c5 24. f4 a4 25. f5 Qf6 26. h4 a3 27. b3 Kf8 28. Qh3
g5 29. fxg6 Qf2 0-1

[Event "LYM - Open Général"]
[Site "Lausanne - Hôtel Alpha Palmier"]
[Date "2003.09.21"]
[Round "4"]
[White "Ballmann, Martin"]
[Black "Gallagher, Joseph"]
[Result "1/2-1/2"]
[WhiteElo "2422"]
[BlackElo "2520"]
[PlyCount "28"]

1. d4 d6 2. c3 g6 3. g3 Bg7 4. Bg2 Nf6 5. Nf3 O-O 6. O-O Nbd7 7. Nbd2 e5 8. e4
b6 9. Re1 Bb7 10. dxe5 dxe5 11. b3 Re8 12. Ba3 Bf8 13. Bxf8 Nxf8 14. Qc2 Qe7
1/2-1/2

[Event "LYM - Open Général"]
[Site "Lausanne - Hôtel Alpha Palmier"]
[Date "2003.09.21"]
[Round "4"]
[White "Jacot, Laurent"]
[Black "Meijers, Viesturs"]
[Result "0-1"]
[WhiteElo "2216"]
[BlackElo "2483"]
[PlyCount "50"]

1. d4 Nf6 2. Nf3 e6 3. Bg5 b6 4. Nbd2 Bb7 5. e3 Be7 6. Bd3 d5 7. Ne5 Nfd7 8.
Bxe7 Qxe7 9. Nxd7 Nxd7 10. O-O e5 11. dxe5 Nxe5 12. Nf3 Nxd3 13. Qxd3 O-O 14.
c3 Rad8 15. Rad1 Rd6 16. Qd4 Re8 17. Qh4 Qd7 18. Qg3 Rg6 19. Qh4 c5 20. Kh1 Qc8
21. Ng5 h6 22. Nh3 d4 23. Nf4 Rg4 24. Qh3 dxe3 25. fxe3 Rxf4 0-1

[Event "LYM - Open Général"]
[Site "Lausanne - Hôtel Alpha Palmier"]
[Date "2003.09.21"]
[Round "4"]
[White "Herrera, Gustavo"]
[Black "Mamedjarova, Zeinab"]
[Result "1/2-1/2"]
[WhiteElo "2119"]
[BlackElo "2372"]
[PlyCount "103"]

1. b3 e5 2. Bb2 Nc6 3. e3 d5 4. c4 d4 5. d3 dxe3 6. fxe3 Bc5 7. Qe2 Qh4+ 8. g3
Qh6 9. Bc1 Bd4 10. exd4 Qxc1+ 11. Kf2 Nf6 12. h3 Nxd4 13. Qxe5+ Ne6 14. Ne2 Qh6
15. Bg2 O-O 16. Nbc3 Ng5 17. Qxc7 Bf5 18. Nf4 Ne6 19. Qe5 Qg5 20. Ncd5 Rfe8 21.
Rae1 Nd7 22. Qc3 Rac8 23. Re3 Qh6 24. Rhe1 g5 25. Nxe6 Bxe6 26. g4 Rb8 27. Kg1
Red8 28. Ne7+ Kf8 29. Nf5 Qf6 30. Qxf6 Nxf6 31. Ng3 h6 32. Ne4 Nxe4 33. Bxe4
Rd7 34. Kh2 Rbd8 35. Kg3 Rc7 36. Rf3 Rd6 37. Ref1 Ke7 38. R1f2 Kf8 39. Rf6 Kg7
40. R6f3 Rcd7 41. Rh2 f6 42. Rhf2 Bf7 43. Bf5 Re7 44. Be4 Bg6 45. Bxg6 Kxg6 46.
d4 Rxd4 47. Rxf6+ Kg7 48. R6f5 Rd3+ 49. R5f3 Rd1 50. Rf1 Rd2 51. R1f2 Rd1 52.
Rf1 1/2-1/2

[Event "LYM - Open Général"]
[Site "Lausanne - Hôtel Alpha Palmier"]
[Date "2003.09.21"]
[Round "5"]
[White "Milov, Vadim"]
[Black "Borovikov, Vladislav"]
[Result "1/2-1/2"]
[WhiteElo "2595"]
[BlackElo "2590"]
[PlyCount "51"]

1. d4 d5 2. c4 c6 3. Nc3 Nf6 4. e3 e6 5. Nf3 Nbd7 6. Bd3 dxc4 7. Bxc4 b5 8. Bd3
Bb7 9. e4 b4 10. Na4 c5 11. e5 Nd5 12. dxc5 Nxc5 13. Nxc5 Bxc5 14. O-O h6 15.
Nd2 Qc7 16. Nb3 Be7 17. Qe2 Rd8 18. Bd2 Qb6 19. Rac1 Kf8 20. Rc4 Ba6 21. Rd4
Bxd3 22. Qxd3 g6 23. Qc2 Kg7 24. Rc4 Qa6 25. Rc6 Nb6 26. Be3 1/2-1/2

[Event "LYM - Open Général"]
[Site "Lausanne - Hôtel Alpha Palmier"]
[Date "2003.09.21"]
[Round "5"]
[White "Rainfray, Arnaud"]
[Black "Aronian, Levon"]
[Result "1/2-1/2"]
[WhiteElo "2409"]
[BlackElo "2649"]
[PlyCount "28"]

1. e4 c5 2. c3 d6 3. d4 Nf6 4. Bd3 Nc6 5. Nf3 Bg4 6. d5 Bxf3 7. Qxf3 Ne5 8.
Bb5+ Nfd7 9. Qd1 c4 10. Na3 Rc8 11. Qe2 Qc7 12. O-O a6 13. Bxd7+ Nxd7 14. Be3
e5 1/2-1/2

[Event "LYM - Open Général"]
[Site "Lausanne - Hôtel Alpha Palmier"]
[Date "2003.09.21"]
[Round "5"]
[White "Palac, Mladen"]
[Black "Mikavica, Mirko"]
[Result "1-0"]
[WhiteElo "2561"]
[BlackElo "2257"]
[PlyCount "79"]

1. e4 g6 2. d4 Bg7 3. Nc3 d6 4. Be3 c6 5. f4 Nf6 6. Nf3 b5 7. a3 a6 8. Bd3 Bb7
9. Qe2 Qc7 10. e5 Nd5 11. Nxd5 cxd5 12. e6 fxe6 13. Ng5 Bc8 14. Nxh7 Nc6 15.
Bxg6+ Kd8 16. Ng5 Rf8 17. Rd1 Qb6 18. c3 Bd7 19. Bf7 Rxf7 20. Nxf7+ Kc7 21. O-O
a5 22. Ng5 b4 23. Bf2 Nd8 24. f5 Bf6 25. Nxe6+ Nxe6 26. fxe6 Bb5 27. Qh5 Rh8
28. Qxd5 Bxf1 29. Rxf1 bxa3 30. bxa3 a4 31. Qe4 Qc6 32. d5 Qa6 33. c4 Rb8 34.
c5 Be5 35. cxd6+ Bxd6 36. Rc1+ Kd8 37. Qh7 Qb5 38. Qg8+ Qe8 39. Bb6+ Rxb6 40.
Qxe8+ 1-0

[Event "LYM - Open Général"]
[Site "Lausanne - Hôtel Alpha Palmier"]
[Date "2003.09.21"]
[Round "5"]
[White "Gallagher, Joseph"]
[Black "Idrizaj, Abedin"]
[Result "1-0"]
[WhiteElo "2520"]
[BlackElo "2242"]
[PlyCount "67"]

1. e4 c5 2. Nf3 Nc6 3. d4 cxd4 4. Nxd4 Nf6 5. Nc3 d6 6. Bg5 e6 7. Qd2 a6 8.
O-O-O Be7 9. f3 Qc7 10. Kb1 Bd7 11. h4 Na5 12. g4 h6 13. Be3 Rb8 14. Bd3 b5 15.
g5 hxg5 16. hxg5 Nh5 17. Nf5 Bf8 18. Ng3 g6 19. Bd4 Rg8 20. Nxh5 gxh5 21. Bf6
b4 22. Nd5 exd5 23. exd5 Nc4 24. Rde1+ Ne5 25. f4 Bg4 26. fxe5 Kd7 27. Qf4 Qa5
28. Bh7 b3 29. axb3 Rb4 30. Qf2 Qxd5 31. Bxg8 Be6 32. Rd1 Qe4 33. Rhe1 Qb7 34.
exd6 1-0

[Event "LYM - Open Général"]
[Site "Lausanne - Hôtel Alpha Palmier"]
[Date "2003.09.21"]
[Round "5"]
[White "Meijers, Viesturs"]
[Black "Berset, Philippe"]
[Result "1-0"]
[WhiteElo "2483"]
[BlackElo "2193"]
[PlyCount "75"]

1. e4 c5 2. Nf3 e6 3. d4 cxd4 4. Nxd4 Nc6 5. Nf3 a6 6. Bd3 Nge7 7. O-O Ng6 8.
c4 Be7 9. Nc3 d6 10. Be3 Rb8 11. Qb3 b6 12. Rfd1 O-O 13. Rd2 Nge5 14. Qd1 Nxd3
15. Rxd3 Qc7 16. Rc1 Bd7 17. e5 Qb7 18. exd6 Bf6 19. Qe2 Ne5 20. Nxe5 Bxe5 21.
Bd4 Bxd4 22. Rxd4 Bc6 23. Rg4 Qd7 24. Rd1 f5 25. Rh4 Rf6 26. Qe3 Rg6 27. f3 e5
28. Kf2 Rxd6 29. Qxe5 Rxd1 30. Qxb8+ Qd8 31. Qxd8+ Rxd8 32. Ke3 h6 33. Rd4 Rxd4
34. Kxd4 Kf7 35. Ke5 g6 36. Kd6 Be8 37. Nd5 g5 38. Nxb6 1-0

[Event "LYM - Open Général"]
[Site "Lausanne - Hôtel Alpha Palmier"]
[Date "2003.09.21"]
[Round "5"]
[White "Gaulé, Patrick"]
[Black "Wells, Peter K."]
[Result "0-1"]
[WhiteElo "2172"]
[BlackElo "2481"]
[PlyCount "94"]

1. d4 Nf6 2. c4 e6 3. Nc3 Bb4 4. f3 d5 5. a3 Bxc3+ 6. bxc3 c6 7. Nh3 O-O 8. e3
b6 9. Bd3 Ba6 10. cxd5 cxd5 11. Bxa6 Nxa6 12. Qd3 Qc8 13. O-O Re8 14. e4 e5 15.
Bg5 dxe4 16. fxe4 Nd7 17. Qg3 Qc6 18. dxe5 Nxe5 19. Bf6 Ng6 20. Bd4 Nc5 21. Ng5
f6 22. Qf3 Nb3 23. Nxh7 Nxd4 24. cxd4 Qxe4 25. Nxf6+ gxf6 26. Qxf6 Qe6 27. Rae1
Qxf6 28. Rxe8+ Rxe8 29. Rxf6 Nf8 30. Rc6 Re3 31. a4 Rd3 32. Rc7 a5 33. Rc6 Rxd4
34. Rxb6 Rxa4 35. Kf2 Rc4 36. Ra6 a4 37. Ra7 Ne6 38. Kf3 Nd4+ 39. Ke3 Nb5 40.
Ra5 Rb4 41. Kd2 a3 42. Kc1 Rb3 43. h4 Nd4 44. Ra6 Kh7 45. g4 Ne2+ 46. Kc2 Rb2+
47. Kd3 a2 0-1